000 00708nam a2200205 i 4500
001 46120
003 ES-MaACL
005 20250828084002.0
007 t|
008 030328q1947 sz ||||1| fre d
111 0 0 _aConférence Internationale de l'Instruction Publique (
_n10ª.
_d1947.
_cGinebra)
_9144
245 1 0 _aProcés-verbaux et recommandation.
260 _aGenève :
_bB.I.E,
_c[1947?]
300 _a134 p. ;
_c24 cm.
490 1 _aPublications du Bureau International d'Education ;
_v99
710 2 0 _aOficina Internacional de Educación
_96022
830 0 _aPublications du Bureau International d'Education ;
_v99
_9181740
852 _aES-MaACL
_j1878-F-7
_bR.25260
999 _c46120
_d46120